|
|
|
|
| LEADER |
00000nam a22000007a 4500 |
| 005 |
2013071101071.0 |
| 007 |
cr|||| |||| |
| 008 |
130711s2008 mx |||||s|||| 00||0 spa d |
| 020 |
|
|
|a 978 970 32 5443 9
|
| 035 |
|
|
|a 11400
|
| 040 |
|
|
|a vLex
|
| 090 |
|
|
|c 4437
|d 4437
|
| 100 |
1 |
|
|a Campos, Miguel Angel
|
| 245 |
1 |
0 |
|a Argumentacin̤ y habilidades en el proceso educativo
|h [Recurso electrn̤ico] /
|c Miguel Angel Campos
|
| 256 |
|
|
|a Servicio en ln̕ea
|
| 260 |
|
|
|a Mx̌ico D.F.:
|b Plaza y Valdš Editores,
|c 2008
|
| 300 |
|
|
|a 1 recurso electrn̤ico
|
| 506 |
1 |
|
|a Contenido solo disponible en los productos indicados
|d vLex Global
|d vLex Global (Academic Edition, excluding Law Schools)
|d vLex Global (U.S. Academic Edition, Law Schools)
|d vLex Global (U.S. Academic Edition, excluding Law Schools)
|d vLex Global (Academic Edition, Law Schools)
|
| 650 |
0 |
4 |
|a Educacin̤
|z Mx̌ico
|
| 740 |
0 |
|
|a vLex Libros (Servicio en ln̕ea)
|
| 856 |
4 |
0 |
|u http://vlex.com/source/argumentacion-y-habilidades-en-el-proceso-educativo-11400
|z Acceso restringido
|
| 942 |
|
|
|c BOOK
|
| 999 |
0 |
|
|a Education
|